000 00361nam a2200157 i 4500
001 bg
100 1 _aELWELL, W. T.
245 0 _aAnalysis of the new metals /
_cW. Elwell, D.F. Wood.
260 _aOxford,
_c1966.
700 1 _aWOOD, D. F.
040 _cBPK
041 _apol
080 _a669.017
942 _cKS
008 s pl f |000 0 pol
999 _c8557
_d8557
856 _uhttp://koha.tu.koszalin.pl/cgi-bin/koha/opac-detail.pl?biblionumber=8557
_yKatalog online BPK